TV Family by First Names Quiz Stats

 Plays Quiz Updated Jul 17, 2017

Support Sporcle.
Go Orange.
Score 0/25 Timer 04:00
0 Plays Today
% Correct
Simpson
94.6%
Addams
91.7%
Griffin
83.8%
Brady
82.2%
Jetson
80.8%
Soprano
79.7%
Cunningham
76.2%
Tanner
74.6%
Cleaver
73.6%
Conner
72.7%
Stark
70.1%
Munster
69.2%
Jefferson
67.3%
% Correct
Barone
66.7%
Dunphy
66.4%
Keaton
65.2%
Ewing
60.9%
Partridge
60.6%
Taylor
59.5%
Winslow
55.1%
Walton
53.3%
Grimes
52%
Douglas
45.8%
Camden
40.3%
Bradford
40.1%

You're not logged in!

Compare scores with friends on all Sporcle quizzes.
OR
Log In
Forgot?

From the Vault

Letters Minefield: Beatles Albums

by LTH

These albums Beat-all the others.
Remove Ads.
Support Sporcle.
Get the best of Sporcle when you Go Orange. This ad-free experience offers more features, more stats, and more fun while also helping to support Sporcle. Thank you for becoming a member.

Show Comments

Extras

Top Quizzes Today


Score Distribution

Your Account Isn't Verified!

In order to create a playlist on Sporcle, you need to verify the email address you used during registration. Go to your Sporcle Settings to finish the process.

Report this User

Report this user for behavior that violates our Community Guidelines.

Details: